All 100k+ Cities in the Arabian Peninsula - Statistics

General Stats
  • This quiz has been taken 32 times
  • The average score is 21 of 71
Answer Stats
Country Population Arabic Name Answer % Correct
United Arab-Emirates 2,189,860 أبو ظبي Abu Dhabi
100%
Saudi-Arabia 2,385,509 مكة Mecca
100%
Qatar 956,457 الدوحة Doha
96%
United Arab-Emirates 3,564,931 دبي Dubai
96%
As Salimiyah 147,649 السالمية Kuwait
96%
Kuwait 2,990,000 مدينة الكويت Kuwait City
96%
Saudi-Arabia 7,000,100 الرياض Riyadh
92%
Yemen 2,431,649 صنعاء Sana'a
92%
Saudi-Arabia 3,712,917 جدة Jeddah
88%
Oman 797,000 مسقط Muscat
88%
Yemen 507,355 عدن Aden
81%
Iraq 1,340,827 البصرة Basra
81%
Saudi-Arabia 1,411,599 المدينة المنورة Medina
81%
Bahrain 143 035 المنامة Manama
65%
Saudi-Arabia 1,386,166 الدمام Dammam
62%
United Arab-Emirates 1,405,000 الشارقة Sharjah
54%
United Arab-Emirates 846,747 العين Al Ain
50%
Jordan 171,848 العقبة Aqaba
38%
Saudi-Arabia 448,623 حائل Ha’il
35%
United Arab-Emirates 191,753 رأس الخيمة Ras Al Khaimah
35%
Saudi-Arabia 594,350 تبوك Tabuk
35%
Saudi-Arabia 770,752 الطائف Taif
35%
United Arab-Emirates 490,035 عجمان Ajman
27%
United Arab-Emirates 118,933 الفجيرة Fujairah
27%
Saudi-Arabia 729,606 الهفوف‎ Hofuf
27%
Oman 163,140 صلالة Salalah
27%
Saudi-Arabia 381,431 نجران Najran
23%
Yemen 596,672 تعز Ta'izz
23%
Saudi-Arabia 334,290 أبها Abha
19%
Saudi-Arabia 143,936 الظهران Dhahran
19%
Yemen 225,611 إب Ibb
19%
Saudi-Arabia 173,919 جازان Jizan
19%
Iraq 747,261 النجف Najaf
19%
Iraq 558,446 الناصرية Nasiriyah
19%
Oman 108,274 ولاية صحار Sohar
19%
Saudi-Arabia 331,916 ينبع Yanbu
19%
Saudi-Arabia 199,247 عرعر Arar
15%
Qatar 272,465 الريان Ar Rayyan
12%
Saudi-Arabia 574,169 بريدة Buraydah
12%
Yemen 160,114 ذمار Dhamar
12%
Kuwait 164,212 حولي Hawalli
12%
Saudi-Arabia 474,679 الجبيل Jubail
12%
Saudi-Arabia 535,065 خميس مشيط Khamis Mushait
12%
Yemen 144,137 المكلا Mukalla
12%
Oman 237,816 السيب‎ Seeb
12%
Saudi-Arabia 183,319 عنيزة Unaizah
12%
Iraq 403,796 الديوانية Diwaniyah
8%
Saudi-Arabia 387,096 حفر الباطن Hafr Al-Batin
8%
Oman 101,640 ولاية عبري `Ibri
8%
Saudi-Arabia 409,549 الخبر Khobar
8%
Iraq 171,305 الكوفة Kufa
8%
Saudi-Arabia 204,362 سكاكا Sakakah
8%
Iraq 221,743 السماوة Samawah
8%
Kuwait 637,411 الأحمدي Al Ahmadi
4%
Yemen 548,433 الحديدة Al Hudaydah
4%
Iraq 182,175 الشطرة Al-Shatrah
4%
Saudi-Arabia 115,537 بيشة Bisha
4%
Saudi-Arabia 167,104 القريات Qurayyat
4%
Yemen 120,137 سيئون Seiyun
4%
Saudi-Arabia 248,888 الثقبة Thuqbah
4%
Iraq 300,751 الزبير Zubayr
4%
Iraq 203,155 أبو الخصيب Abu Al-Khaseeb
0%
Iraq 126,434 القرنة Al-Qurnah
0%
Saudi-Arabia 295,462 السيح Al-Saih
0%
Saudi-Arabia 107,902 الرس Ar Rass
0%
Oman 107,143 ولاية السويق As Suwayq
0%
Oman 159,487 ولاية بوشر Bawshar
0%
Kuwait 139,163 صباح السالم Sabah as Salim
0%
Iraq 132,995 شط العرب Shatt Al-Arab
0%
Iraq 131,576 سوق الشيوخ Suq al-Shuyukh
0%
Saudi-Arabia 117,646 تاروت Tarout
0%
No matching quizzes found
Score Distribution
Percent of People with Each Score
Percentile by Number Answered
Your Score History
You have not taken this quiz